Paroles Indochine - Un été français - Statistiques

Statistiques générales
  • Ce quiz a été pris 186 fois
  • Le résultat moyen est 203 sur 275
Statistiques - réponses
Paroles % Correct
Et
98%
et
98%
été
97%
français
97%
français)
97%
97%
(Où
97%
je
96%
Je
96%
(Je
96%
Un
96%
un
96%
ma
92%
ne
91%
parfait
91%
parfait)
91%
rêve
91%
De
90%
de
90%
d'un
90%
(D'un
90%
Pour
90%
pourra
89%
À
88%
à
88%
a
88%
rien
87%
Si
85%
si
85%
suis
85%
tout
84%
Tout
84%
ici
83%
le
82%
Le
82%
81%
la
81%
m'arriver
81%
m'arriver)
81%
cerné
78%
cerné)
78%
Quand
78%
(Quand
78%
vie
78%
national
76%
en
75%
jour
75%
pas
75%
dans
74%
devient
74%
les
74%
moi
74%
nous
74%
infernal
71%
me
71%
Encore
70%
encore
70%
pays
70%
petite
69%
froid
67%
place
67%
que
67%
au
66%
Des
66%
des
66%
rester
66%
temps
66%
lundi
65%
qui
65%
sans
65%
n'ai
64%
envie
62%
passe
62%
toi
62%
mort
61%
Pardonne-moi
61%
d'une
60%
Tu
60%
une
60%
autre
58%
c'est
58%
sur
58%
oublié
57%
Mercredi
56%
regarder
56%
vendredi
56%
Mais
55%
marcher
55%
Mardi
55%
mauvaise
55%
monde
55%
noir
55%
choix
54%
on
54%
orages
54%
peu
54%
Besoin
53%
d'avoir
53%
enfermé
53%
étoiles
53%
Histoire
52%
noué
52%
pouvait
52%
s'arrêter
52%
toutes
52%
Comme
51%
promesses
51%
soleil
51%
faites
49%
hiver
49%
jeudi
49%
près
49%
toit
49%
m'avais
48%
nos
48%
nuits
48%
rêves
48%
sens
48%
bien
47%
solitaire
47%
ton
47%
imparfaits
46%
j'ai
46%
l'estomac
46%
trop
46%
vieux
46%
mourir
45%
subis
45%
voudrais
45%
aurait
44%
visage
44%
attend
43%
ciel
43%
dangers
43%
volants
43%
éclairs
42%
poissons
40%
rôle
38%
courant
37%
Aucun quiz correspondant
Distribution des résultats
% des personnes avec chaque résultat
Percentile par nombre de réponses
Votre historique - résultats
Vous n’avez pas pris ce quiz